000 00759nam a2200229 i 4500
001 89195
003 ES-MaACL
005 20230906180117.0
007 t|
008 050105s1970 sp ||||1| spa d
100 1 _aLanger, Wolfgang.
_970037
245 1 3 _aLa interpretación de la Biblia en la enseñanza catequética /
_cWolfgang Langer ; [traducción por Ignacio Aizpurúa].
260 _aMadrid :
_bMarova,
_c[1970]
300 _a157 p. ;
_c20 cm.
490 1 _aColección "Escuela de Fe"
630 0 4 _aBiblia-
_xCrítica e interpretación.
_9119239
650 4 _aCatequesis bíblica.
_9157968
700 1 _aAizpurúa, I.
_919019
830 0 _aColección "Escuela de Fe"
_9231883
852 _aES-MaACL
_jC-49048
_bR.74154
999 _c89195
_d89195